Spatial Data Quality / (Record no. 616198)
[ view plain ]
| 000 -LEADER | |
|---|---|
| fixed length control field | 00551nam a22001817a 4500 |
| 003 - CONTROL NUMBER IDENTIFIER | |
| control field | NUST |
| 005 - DATE AND TIME OF LATEST TRANSACTION | |
| control field | 20260213100359.0 |
| 008 - FIXED-LENGTH DATA ELEMENTS--GENERAL INFORMATION | |
| fixed length control field | 260213b ||||| |||| 00| 0 eng d |
| 020 ## - INTERNATIONAL STANDARD BOOK NUMBER | |
| International Standard Book Number | 978-1134514403 |
| 082 ## - DEWEY DECIMAL CLASSIFICATION NUMBER | |
| Classification number | 910.285 |
| Author Mark | SHI |
| 100 ## - MAIN ENTRY--PERSONAL NAME | |
| Personal name | Wenzhong Shi, Peter Fisher & Michael F. Goodchild. |
| 9 (RLIN) | 133193 |
| 245 ## - TITLE STATEMENT | |
| Title | Spatial Data Quality / |
| Statement of responsibility, etc. | Wenzhong Shi, Peter Fisher & Michael F. Goodchild. |
| 250 ## - EDITION STATEMENT | |
| Edition statement | 1st Edition. |
| 260 ## - PUBLICATION, DISTRIBUTION, ETC. | |
| Place of publication, distribution, etc. | Canada: |
| Name of publisher, distributor, etc. | Taylor & Francis, |
| Date of publication, distribution, etc. | 2002. |
| 300 ## - PHYSICAL DESCRIPTION | |
| Extent | xx, 313 p ; |
| Dimensions | 28.5 cm. |
| 563 ## - BINDING INFORMATION | |
| Binding note | Hardcover |
| 942 ## - ADDED ENTRY ELEMENTS (KOHA) | |
| Source of classification or shelving scheme | |
| Koha item type | Book |
| Withdrawn status | Lost status | Source of classification or shelving scheme | Damaged status | Not for loan | Permanent Location | Current Location | Date acquired | Total Checkouts | Full call number | Barcode | Date last seen | Price effective from | Koha item type |
|---|---|---|---|---|---|---|---|---|---|---|---|---|---|
| Institute of Geographical Information Systems (IGIS) | Institute of Geographical Information Systems (IGIS) | 02/13/2026 | 910.285 SHI | IGIS-34 | 02/13/2026 | 02/13/2026 | Book | ||||||
| Institute of Geographical Information Systems (IGIS) | Institute of Geographical Information Systems (IGIS) | 02/13/2026 | 910.285 SHI | IGIS-35 | 02/13/2026 | 02/13/2026 | Book | ||||||
| Institute of Geographical Information Systems (IGIS) | Institute of Geographical Information Systems (IGIS) | 02/13/2026 | 910.285 SHI | IGIS-36 | 02/13/2026 | 02/13/2026 | Book | ||||||
| Institute of Geographical Information Systems (IGIS) | Institute of Geographical Information Systems (IGIS) | 02/13/2026 | 910.285 SHI | IGIS-37 | 02/13/2026 | 02/13/2026 | Book | ||||||
| Institute of Geographical Information Systems (IGIS) | Institute of Geographical Information Systems (IGIS) | 02/13/2026 | 910.285 SHI | IGIS-38 | 02/13/2026 | 02/13/2026 | Book |
